Am Main liegende Städte mit mehr als 10.000 Einwohner - Statistiken

Allgemein
  • Dieses Quiz wurde 137 mal gespielt
  • Das Durchschnittsergebnis liegt bei 14 aus 34
Antwortstatistiken
Bevölkerung Bundesland Stadt % Korrekt
763.380 Hessen Frankfurt am Main
100%
218.474 Rheinland-Pfalz Mainz
94%
278.474 Hessen Wiesbaden
92%
127.934 Bayern Würzburg
90%
130.280 Hessen Offenbach am Main
85%
71.002 Bayern Aschaffenburg
84%
96.492 Hessen Hanau
82%
53.426 Bayern Schweinfurt
71%
77.373 Bayern Bamberg
70%
74.783 Bayern Bayreuth
64%
65.881 Hessen Rüsselsheim am Main
56%
21.940 Bayern Kitzingen
36%
39.553 Hessen Maintal
36%
22.832 Baden-Württemberg Wertheim
36%
15.189 Bayern Lohr am Main
32%
25.866 Bayern Kulmbach
27%
28.652 Hessen Mühlheim am Main
25%
21.267 Hessen Seligenstadt
25%
10.039 Bayern Gemünden am Main
24%
14.983 Bayern Karlstadt
23%
27.674 Hessen Hattersheim am Main
22%
13.501 Bayern Haßfurt
21%
11.296 Bayern Ochsenfurt
21%
17.945 Hessen Hochheim am Main
20%
11.213 Bayern Marktheidenfeld
20%
21.659 Hessen Flörsheim am Main
19%
14.811 Hessen Raunheim
19%
20.142 Bayern Lichtenfels
18%
17.029 Hessen Kelsterbach
15%
10.258 Bayern Erlenbach am Main
12%
16.854 Hessen Ginsheim-Gustavsburg
11%
13.160 Hessen Bischofsheim
9%
14.401 Hessen Hainburg
9%
10.434 Bayern Bad Staffelstein
7%
Keine übereinstimmenden Quizze gefunden
Verteilung der Resultate
Anzahl Personen mit jedem Resultat
Perzentil nach korrekt beantworteten Fragen
Ihre Resultats-Entwicklung
Sie haben dieses Quiz noch nicht gespielt